00821nam a22002057a 450000500170000001000230001702000260004003500140006603700090008008200110008910000270010024500850012725000060021226000490021827001190026730000200038694200250040699900190043195201650045020241211161619.0 aDEC24SC ENG-142966 a9789355017284c549.00 aEN-126498 bDBAD a00021 aAggarwal, R.S. 975021 aS. Chand's SSC Reasoning 6500+ TCS MCQs | Topic Wise Coverage/cBy R.S. Aggarwal a1 aNew DelhibS Chand and Company Limitedc2023 a A-27, 2nd Floor, Mohan Co-operative Industrial EstatebNew Delhie110044minfo@schandpublishing.comk011-49731800 a531p.c26cm(pb) 2ddccENh000mAGGe1 c207615d207615 001040708NFICaZLSbZLSd2024-12-11eDelivery of Books Divisiong625.00l8m5o000 AGGpEN-126498r2026-04-11 12:53:02s2026-03-28t1v625.00w2024-12-11yEN